Normal view
MARC view
Entry Personal Name
001 - CONTROL NUMBER
- control field: 20076
003 - CONTROL NUMBER IDENTIFIER
- control field: OSt
005 - DATE AND TIME OF LATEST TRANSACTION
- control field: 20211123111849.0
008 - FIXED-LENGTH DATA ELEMENTS
- fixed length control field: 211123|| aca||aabn | a|a d
040 ## - CATALOGING SOURCE
- Original cataloging agency: OSt
- Transcribing agency: OSt
100 ## - HEADING--PERSONAL NAME
- Personal name: MKANDAWIRE SOLIDO
670 ## - SOURCE DATA FOUND
- Source citation: Work cat.: (OSt)19727: MKANDAWIRE SOLIDO, AFERICAN VOICE ON STRACTURAL ADFJUSTEMENT, 2003